Bürgerliches gesetzbuch und zugehörige gesetze
Saved in:
| Format: | Book |
|---|---|
| Published: |
München, Deutschland:
C.H.Beck'sche,
1984.
|
| Edition: | 99., völlig neubearbeitete auflage nach dem Stand vom 1. november 1983 |
| Subjects: | |
| Tags: |
Add Tag
No Tags, Be the first to tag this record!
|
MARC
| LEADER | 00000nam a22000007a 4500 | ||
|---|---|---|---|
| 003 | CL-VaPUC | ||
| 005 | 20220822114833.0 | ||
| 008 | 220808t1984 ||||| |||| 00| 0 eng d | ||
| 999 | |c 438094 |d 438092 | ||
| 040 | |c Pontificia Universidad Católica de Valparaíso | ||
| 082 | 0 | 4 | |a 346.43 BUR 1984 |2 21 |
| 245 | 1 | 0 | |a Bürgerliches gesetzbuch und zugehörige gesetze |
| 250 | |a 99., völlig neubearbeitete auflage nach dem Stand vom 1. november 1983 | ||
| 260 | |a München, Deutschland: |b C.H.Beck'sche, |c 1984. | ||
| 300 | |a 1144 páginas. | ||
| 500 | |a c.1 Donación Familia Prof. Alejandro Guzmán Brito. | ||
| 583 | |a last modification |c 19970704 00:00:00 |k Cristina María Rojas Aguilar | ||
| 650 | 0 | |a Derecho civil |9 255013 |z Alemania | |
| 650 | 0 | |a Derecho de familia |9 255603 |z Alemania | |
| 650 | 0 | |a Obligaciones |9 255578 |x Derecho alemán | |
| 942 | |c BK |2 ddc |n 0 | ||
| 952 | |0 0 |1 0 |2 ddc |4 0 |6 346_430000000000000_BUR_1984 |7 0 |8 C_AGB |9 585975 |a BIBDER |b BIBDER |d 2022-08-08 |e Donación |i 5653892 |o 346.43 BUR 1984 |p 5653892 |r 2023-01-25 |t 1 |w 2022-08-08 |y BK_US |k AGB | ||